Human Body (Record no. 769031)

MARC details
000 -LEADER
fixed length control field 00595nam a22002057b 4500
005 - DATE AND TIME OF LATEST TRANSACTION
control field 20241016091844.0
008 - FIXED-LENGTH DATA ELEMENTS--GENERAL INFORMATION
fixed length control field 241016b sa a|||| |||| 00| 0 ENG d
020 ## - INTERNATIONAL STANDARD BOOK NUMBER
International Standard Book Number <a href=" 978024142499"> 978024142499</a>
Qualifying information (pbk)
040 ## - CATALOGING SOURCE
Original cataloging agency RDA
Transcribing agency 3228
041 ## - LANGUAGE CODE
Language English
082 ## - DEWEY DECIMAL CLASSIFICATION NUMBER
-- 23
Classification number J 612 WALK
942 ## - ADDED ENTRY ELEMENTS
Creator ID 175
Creator Name Naomi Ntsimane
Modifier ID 175
Modifier Name Naomi Ntsimane
100 ## - MAIN ENTRY--PERSONAL NAME
Personal name Walker, Richard
245 ## - TITLE STATEMENT
Title Human Body
Statement of responsibility, etc. written by Richard Walker
260 ## - PUBLICATION, DISTRIBUTION, ETC.
Place of publication, distribution, etc. London:
Name of publisher, distributor, etc. Penguin Random House;
Date of publication, distribution, etc. 2019.
300 ## - PHYSICAL DESCRIPTION
Extent 72 pages;
Other physical details colour illustrations;
Dimensions 28 cm.
490 ## - SERIES STATEMENT
Series statement DK Eyewitness
504 ## - BIBLIOGRAPHY, ETC. NOTE
Bibliography, etc. note includes index
650 ## - SUBJECT ADDED ENTRY--TOPICAL TERM
Topical term or geographic name entry element Human body- Juvenile literature
9 (RLIN) 189885
942 ## - ADDED ENTRY ELEMENTS
Source of classification or shelving scheme Dewey Decimal Classification
item type Book
Holdings
Withdrawn status Lost status Source of classification or shelving scheme Damaged status Not for loan Collection code Home library Current library Shelving location Date acquired Cost, normal purchase price Total Checkouts Full call number Barcode Date last seen Price effective from item type
    Dewey Decimal Classification     600: Technology & Applied Science Standerton Regional Library Volksrust Children's Area 16.10.2024 233.22   J 612 WALK 3322803190066 16.10.2024 16.10.2024 Book